20 Largest Countries by GDP - Statistics

General Stats
  • This quiz has been taken 48 times
  • The average score is 19 of 20
Answer Stats
Rank GDP (US$ in millions) Answer % Correct
2 11,937,562 China
100%
5 2,574,807 France
100%
4 3,651,871 Germany
100%
6 2,565,051 United Kingdom
100%
1 19,362,129 United States of America
100%
8 2,080,916 Brazil
98%
7 2,439,008 India
98%
3 4,884,489 Japan
98%
13 1,390,150 Australia
96%
10 1,640,385 Canada
96%
9 1,921,139 Italy
96%
15 1,142,453 Mexico
96%
14 1,307,170 Spain
96%
12 1,469,341 Russia
94%
11 1,529,743 South Korea
94%
16 1,010,937 Indonesia
90%
20 678,541 Saudi Arabia
90%
17 841,206 Turkey
90%
18 824,480 Netherlands
88%
19 680,645 Switzerland
85%
No matching quizzes found
Score Distribution
Percent of People with Each Score
Percentile by Number Answered
Your Score History
You have not taken this quiz